Poesía / (Registro nro. 9583)
[ vista simple ]
| 000 -CABECERA | |
|---|---|
| campo de control de longitud fija | 00849cam a2200241 a 4500 |
| 001 - NÚMERO DE CONTROL | |
| campo de control | 000009824 |
| 005 - FECHA Y HORA DE LA ÚLTIMA TRANSACCIÓN | |
| campo de control | 20200929161723.0 |
| 008 - DATOS DE LONGITUD FIJA--INFORMACIÓN GENERAL | |
| campo de control de longitud fija | 750709s1974 sp 000 p spa |
| 015 ## - NÚMERO DE BIBLIOGRAFÍA NACIONAL | |
| Número de bibliografía nacional | Sp*** |
| 020 ## - NÚMERO INTERNACIONAL ESTÁNDAR DEL LIBRO | |
| Número Internacional Estándar del Libro | 8432504920 |
| 040 ## - FUENTE DE LA CATALOGACIÓN | |
| Centro catalogador/agencia de origen | DO-SdBNP |
| Centro/agencia transcriptor | OU |
| Centro/agencia modificador | OCoLC |
| -- | DLC |
| 100 1# - ENTRADA PRINCIPAL--NOMBRE DE PERSONA | |
| Nombre de persona | Marrero Suarez, Vicente, |
| Fechas asociadas al nombre | 1922- |
| 9 (RLIN) | 24736 |
| 245 10 - MENCIÓN DE TÍTULO | |
| Título | Poesía / |
| Mención de responsabilidad, etc. | Vicente Marrero. |
| 260 ## - PUBLICACIÓN, DISTRIBUCIÓN, ETC. | |
| Lugar de publicación, distribución, etc. | Madrid : |
| Nombre del editor, distribuidor, etc. | Doncel, |
| Fecha de publicación, distribución, etc. | 1974. |
| 300 ## - DESCRIPCIÓN FÍSICA | |
| Extensión | 222 p. ; |
| Dimensiones | 18 cm. |
| 490 1# - MENCIÓN DE SERIE | |
| Mención de serie | Libro joven de bolsillo |
| Designación de volumen o secuencia | 54. |
| 505 0# - NOTA DE CONTENIDO CON FORMATO | |
| Nota de contenido con formato | Canción en Castilla.--Las horas encontradas.--Con la mano en el pecho.--Rondan los alísios.--Más alla de la paz y de la guerra.--Viaje en carroza. |
| 650 #4 - PUNTO DE ACCESO ADICIONAL DE MATERIA--TÉRMINO DE MATERIA | |
| Término de materia o nombre geográfico como elemento de entrada | Poesía española |
| 9 (RLIN) | 631 |
| 650 #4 - PUNTO DE ACCESO ADICIONAL DE MATERIA--TÉRMINO DE MATERIA | |
| Término de materia o nombre geográfico como elemento de entrada | Literatura española |
| 9 (RLIN) | 632 |
| 650 #4 - PUNTO DE ACCESO ADICIONAL DE MATERIA--TÉRMINO DE MATERIA | |
| Término de materia o nombre geográfico como elemento de entrada | Poesía amorosa |
| 9 (RLIN) | 9227 |
| 830 #0 - PUNTO DE ACCESO ADICIONAL DE SERIE-TÍTULO UNIFORME | |
| Título uniforme | Libro joven de bolsillo ; |
| Designación de volumen o secuencia | 54. |
| 9 (RLIN) | 12847 |
| 910 ## - DATOS DE OPCIÓN DEL USUARIO (OCLC) | |
| Datos de opción del usuario | Catalogación por copia / LC |
| Estado de retiro | Estado de pérdida | Restricciones de uso | No para préstamo | Código de colección | Localización permanente | Ubicación/localización actual | Ubicación en estantería | Fecha de adquisición | Número de inventario | Total de préstamos | Signatura topográfica completa | Código de barras | Fecha visto por última vez | Precio válido a partir de | Tipo de ítem Koha | Número de copia |
|---|---|---|---|---|---|---|---|---|---|---|---|---|---|---|---|---|
| Préstamo interno | Monografías: Libros y Folletos | General | General | En catalogación | 01.10.2009 | LF1 | 9824-10 | 25.06.2020 | 25.06.2020 | Préstamo interno | ||||||
| Préstamo restringido | Préstamo restrigido | Monografías: Libros y Folletos | General | General | En catalogación | 03.10.2009 | LF1 | 9824-20 | 25.06.2020 | 25.06.2020 | Préstamo interno | e.2 | ||||
| Préstamo interno | Monografías: Libros y Folletos | General | General | En catalogación | 03.10.2009 | LF1 | 9824-30 | 25.06.2020 | 25.06.2020 | Préstamo interno | e.3 |
